Central Library OPAC University of Rajshahi

Puritan New England : (Record no. 31713)

MARC details
000 -LEADER
fixed length control field 00881nam a2200277 i 4500
001 - CONTROL NUMBER
control field 31713
003 - CONTROL NUMBER IDENTIFIER
rucl marc code BD-RjUL
005 - DATE AND TIME OF LATEST TRANSACTION
control field 20211209051735.0
008 - FIXED-LENGTH DATA ELEMENTS--GENERAL INFORMATION
fixed length control field 140421s1977 nyu b 000 0 eng
020 ## - INTERNATIONAL STANDARD BOOK NUMBER
International Standard Book Number 0312656955 :
035 ## - SYSTEM CONTROL NUMBER
System control number (BD-RjUL)31801
040 ## - CATALOGING SOURCE
Original cataloging agency DLC
Transcribing agency DLC
Modifying agency DLC
-- BD-RjUL
Language of cataloging eng
041 ## - LANGUAGE CODE
Language code of text/sound track or separate title eng
082 00 - DEWEY DECIMAL CLASSIFICATION NUMBER
Classification number 285.90974
Author mark and year PUR 1977
245 00 - TITLE STATEMENT
Title Puritan New England :
Remainder of title essays on religion, society, and culture /
Statement of responsibility, etc. Alden T. Vaughan and Francis J. Bremer, editors.
260 ## - PUBLICATION, DISTRIBUTION, ETC. (IMPRINT)
Place of publication, distribution, etc. New York :
Name of publisher, distributor, etc. St. Martin's Press,
Date of publication, distribution, etc. c1977.
300 ## - PHYSICAL DESCRIPTION
Pagination vii, 395 p. ;
Size 24 cm.
504 ## - BIBLIOGRAPHY, ETC. NOTE
Bibliography, etc Includes bibliographical references.
650 #0 - SUBJECT ADDED ENTRY--TOPICAL TERM
Topical term or geographic name as entry element Puritans
Geographic subdivision New England.
9 (RLIN) 96520
651 #0 - SUBJECT ADDED ENTRY--GEOGRAPHIC NAME
Geographic name New England
General subdivision Civilization.
9 (RLIN) 96521
700 1# - ADDED ENTRY--PERSONAL NAME
Personal name Vaughan, Alden T.,
Dates associated with a name 1929-
Personal name Bremer, Francis J.
942 ## - ADDED ENTRY ELEMENTS (KOHA)
Source of classification or shelving scheme Dewey Decimal Classification
Koha item type Books
Holdings
Lost status Source of classification or shelving scheme Damaged status Not for loan Collection code Permanent Location Current Location Shelving location Date acquired Source of acquisition Total Checkouts Full call number Date last seen Copy number Koha item type
  Dewey Decimal Classification   Not For Loan Non-fiction Central Library, University of Rajshahi Central Library, University of Rajshahi Reading Room 24/02/1985 Asia Foundation   285.90974 PUR 1977 21/04/2014 C-1 Books